League of Legends - Champions Zaun - Statistiques

Statistiques générales
  • Ce quiz a été pris 250 fois
  • Le résultat moyen est 11 sur 15
Statistiques - réponses
Réponse % Correct
Jinx
98%
Vi
98%
Warwick
94%
Ekko
91%
Singed
90%
Viktor
79%
Twitch
75%
Zeri
71%
Urgot
67%
Renata Glasc
64%
Zac
64%
Blitzcrank
63%
Janna
57%
Dr. Mundo
53%
Ziggs
36%
Aucun quiz correspondant
Distribution des résultats
% des personnes avec chaque résultat
Percentile par nombre de réponses
Votre historique - résultats
Vous n’avez pas pris ce quiz